| 000 | 00440nam a2200169Ia 4500 | ||
|---|---|---|---|
| 008 | 241115s9999 xx 000 0 und d | ||
| 020 | _a978-007-126328-3 | ||
| 082 | _a515.9 BRO | ||
| 100 | _aBrown, James Ward | ||
| 245 | 0 | _aComplex Variables and Applications | |
| 250 | _a8th Ed. | ||
| 260 |
_aNew York: _bMcGraw Hill, _c2009 |
||
| 300 | _axi,468p. | ||
| 600 | _aHumanities & Natural Science | ||
| 650 | _aMathematics | ||
| 942 | _cBBD | ||
| 999 |
_c26690 _d26690 |
||